<?xml version="1.0" encoding="UTF-8"?>
<record
    xmlns:xsi="http://www.w3.org/2001/XMLSchema-instance"
    xsi:schemaLocation="http://www.loc.gov/MARC21/slim http://www.loc.gov/standards/marcxml/schema/MARC21slim.xsd"
    xmlns="http://www.loc.gov/MARC21/slim">

  <leader>01241nam a22002297a 4500</leader>
  <datafield tag="952" ind1=" " ind2=" ">
    <subfield code="0">0</subfield>
    <subfield code="1">0</subfield>
    <subfield code="2">ddc</subfield>
    <subfield code="4">0</subfield>
    <subfield code="7">0</subfield>
    <subfield code="8">NFIC</subfield>
    <subfield code="a">ASL</subfield>
    <subfield code="b">ASL</subfield>
    <subfield code="c">GEN</subfield>
    <subfield code="d">2020-10-14</subfield>
    <subfield code="e">ASB Collection</subfield>
    <subfield code="l">0</subfield>
    <subfield code="o">363.4454 TAB</subfield>
    <subfield code="p">101768</subfield>
    <subfield code="r">2020-10-14 00:00:00</subfield>
    <subfield code="t">C-1</subfield>
    <subfield code="w">2020-10-14</subfield>
    <subfield code="y">BK</subfield>
  </datafield>
  <datafield tag="999" ind1=" " ind2=" ">
    <subfield code="c">18566</subfield>
    <subfield code="d">18566</subfield>
  </datafield>
  <controlfield tag="003">BDDh-ASL</controlfield>
  <controlfield tag="005">20231015025720.0</controlfield>
  <controlfield tag="008">201014s2000    b  ||||| |||| 00| 0 b   d</controlfield>
  <datafield tag="020" ind1=" " ind2=" ">
    <subfield code="a">9844940109</subfield>
  </datafield>
  <datafield tag="040" ind1=" " ind2=" ">
    <subfield code="a">BDDh-ASL</subfield>
    <subfield code="c">BDDh-ASL</subfield>
  </datafield>
  <datafield tag="041" ind1=" " ind2=" ">
    <subfield code="a">ben</subfield>
  </datafield>
  <datafield tag="082" ind1=" " ind2=" ">
    <subfield code="a">363.4454</subfield>
    <subfield code="b">TAB</subfield>
  </datafield>
  <datafield tag="100" ind1="1" ind2=" ">
    <subfield code="9">1388</subfield>
    <subfield code="a">&#x9A4;&#x9BE;&#x9B9;&#x9AE;&#x9BF;&#x9A8;&#x9BE;, &#x995;&#x9C1;&#x9B0;&#x9B0;&#x9BE;&#x9A4;&#x9C1;&#x9B2;-&#x986;&#x987;&#x9A8;-</subfield>
  </datafield>
  <datafield tag="245" ind1="1" ind2="0">
    <subfield code="a">&#x9AC;&#x9BE;&#x982;&#x9B2;&#x9BE;&#x9A6;&#x9C7;&#x9B6;&#x9C7; &#x9AF;&#x9CC;&#x9A8;&#x9A4;&#x9BE; &#x9AC;&#x9BF;&#x995;&#x9CD;&#x9B0;&#x9BF;:</subfield>
    <subfield code="b">&#x99C;&#x9C0;&#x9AC;&#x9A8;&#x9C7;&#x9B0; &#x9A6;&#x9BE;&#x9AE;&#x9C7; &#x995;&#x9C7;&#x9A8;&#x9BE; &#x99C;&#x9C0;&#x9AC;&#x9BF;&#x995;&#x9BE;/</subfield>
    <subfield code="c">by &#x995;&#x9C1;&#x9B0;&#x9B0;&#x9BE;&#x9A4;&#x9C1;&#x9B2;-&#x986;&#x987;&#x9A8;-&#x9A4;&#x9BE;&#x9B9;&#x9AE;&#x9BF;&#x9A8;&#x9BE;, &#x9B6;&#x9BF;&#x9B6;&#x9BF;&#x9B0;&#x9AE;&#x9CB;&#x9A1;&#x9BC;&#x9B2;&#x964; </subfield>
  </datafield>
  <datafield tag="246" ind1=" " ind2=" ">
    <subfield code="a">Bangladeshe Jounota Bikri: Jiboner Dame Kena Jibika</subfield>
  </datafield>
  <datafield tag="260" ind1=" " ind2=" ">
    <subfield code="a">&#x9A2;&#x9BE;&#x995;&#x9BE;: </subfield>
    <subfield code="b">&#x9B8;&#x9CB;&#x9B8;&#x9BE;&#x987;&#x99F;&#x9BF; &#x9AB;&#x9B0; &#x98F;&#x9A8;&#x9AD;&#x9BE;&#x9AF;&#x9BC;&#x9B0;&#x9A8;&#x9AE;&#x9C7;&#x9A8;&#x9CD;&#x99F; &#x98F;&#x9A8;&#x9CD;&#x9A1; &#x9B9;&#x9BF;&#x989;&#x9AE;&#x9CD;&#x9AF;&#x9BE;&#x9A8; &#x9A1;&#x9C7;&#x9AD;&#x9C7;&#x9B2;&#x9AA;&#x9AE;&#x9C7;&#x9A8;&#x9CD;&#x99F; (&#x9B8;&#x9C7;&#x9A1;),</subfield>
    <subfield code="c">2000.</subfield>
  </datafield>
  <datafield tag="300" ind1=" " ind2=" ">
    <subfield code="a">&#x9E8;&#x9E7;&#x9E9; &#x9AA;&#x9C3;. :</subfield>
    <subfield code="b">&#x9E8;&#x9E8; &#x9B8;&#x9C7;.&#x9AE;&#x9BF;. </subfield>
  </datafield>
  <datafield tag="650" ind1=" " ind2="0">
    <subfield code="9">1389</subfield>
    <subfield code="a">&#x9AF;&#x9CC;&#x9A8;&#x995;&#x9B0;&#x9CD;&#x9AE;&#x9C0;</subfield>
    <subfield code="x">&#x9AA;&#x9A4;&#x9BF;&#x9A4;&#x9BE;&#x9AC;&#x9C3;&#x9A4;&#x9CD;&#x9A4;&#x9BF;</subfield>
    <subfield code="z">&#x9AC;&#x9BE;&#x982;&#x9B2;&#x9BE;&#x9A6;&#x9C7;&#x9B6;</subfield>
  </datafield>
  <datafield tag="650" ind1=" " ind2="0">
    <subfield code="9">1390</subfield>
    <subfield code="a">&#x9AF;&#x9CC;&#x9A8; &#x9AC;&#x9CD;&#x9AF;&#x9AC;&#x9B8;&#x9BE;</subfield>
    <subfield code="x">&#x9AA;&#x9A4;&#x9BF;&#x9A4;&#x9BE;&#x9AC;&#x9C3;&#x9A4;&#x9CD;&#x9A4;&#x9BF;</subfield>
    <subfield code="z">&#x9AC;&#x9BE;&#x982;&#x9B2;&#x9BE;&#x9A6;&#x9C7;&#x9B6;</subfield>
  </datafield>
  <datafield tag="650" ind1=" " ind2="0">
    <subfield code="9">1391</subfield>
    <subfield code="a">&#x9AA;&#x9A4;&#x9BF;&#x9A4;&#x9BE;&#x9AC;&#x9C3;&#x9A4;&#x9CD;&#x9A4;&#x9BF;</subfield>
    <subfield code="z">&#x9AC;&#x9BE;&#x982;&#x9B2;&#x9BE;&#x9A6;&#x9C7;&#x9B6;</subfield>
  </datafield>
  <datafield tag="942" ind1=" " ind2=" ">
    <subfield code="2">ddc</subfield>
    <subfield code="c">BK</subfield>
  </datafield>
</record>
